Klaus-Peter Jörns, Notwendige Abschiede. Auf dem Weg zu einem glaubwürdigen Christentum, Güter-sloh, Gütersloher Verlagshaus, 2005. 22,5 cm. 412 p. ISBN 3-579-06408-8. € 25,60/FS 44,60 (notice n° 2222521)
[ vue normale ]
| 000 -LEADER | |
|---|---|
| fixed length control field | 00654cam a2200145 4500500 |
| 005 - DATE AND TIME OF LATEST TRANSACTION | |
| control field | 20260426010548.0 |
| 041 ## - LANGUAGE CODE | |
| Language code of text/sound track or separate title | fre |
| 042 ## - AUTHENTICATION CODE | |
| Authentication code | dc |
| 100 10 - MAIN ENTRY--PERSONAL NAME | |
| Personal name | Reymond, Bernard |
| Relator term | author |
| 245 00 - TITLE STATEMENT | |
| Title | Klaus-Peter Jörns, Notwendige Abschiede. Auf dem Weg zu einem glaubwürdigen Christentum, Güter-sloh, Gütersloher Verlagshaus, 2005. 22,5 cm. 412 p. ISBN 3-579-06408-8. € 25,60/FS 44,60 |
| 260 ## - PUBLICATION, DISTRIBUTION, ETC. | |
| Date of publication, distribution, etc. | 2005.<br/> |
| 500 ## - GENERAL NOTE | |
| General note | 9 |
| 786 0# - DATA SOURCE ENTRY | |
| Note | Études théologiques et religieuses | 80 | 3 | 2005-09-01 | p. 431j-440j | 0014-2239 |
| 856 41 - ELECTRONIC LOCATION AND ACCESS | |
| Uniform Resource Identifier | <a href="https://shs.cairn.info/revue-etudes-theologiques-et-religieuses-2005-3-page-431j?lang=fr&redirect-ssocas=7080">https://shs.cairn.info/revue-etudes-theologiques-et-religieuses-2005-3-page-431j?lang=fr&redirect-ssocas=7080</a> |
Pas d'exemplaire disponible.




Réseaux sociaux